| 000 | 00934nam a2200181 a 4500 | ||
|---|---|---|---|
| 001 | 51644 | ||
| 005 | 20180714041156.0 | ||
| 008 | 140415s2005 mx 000 0 spa d | ||
| 020 | _a9706652000 | ||
| 041 | _aspa | ||
| 082 |
_a657.45 _bNOR |
||
| 245 | 0 | 0 |
_aNORMAS Y PROCEDIMIENTOS DE AUDITORIA Y NORMAS PARA ATESTIGUAR : _bVERSION ESTUDIANTIL |
| 250 | _a25ed. | ||
| 260 |
_aMEXICO : _bINSTITUTO MEXICANO DE CONTADORES PUBLICOS, _c2005 |
||
| 300 |
_a303 _c10 x 2.9 x 16.8 |
||
| 520 | _aDÍA CON DÍA LA SOCIEDAD DEMANDA DE MEJORES PROFESIONALES, QUE ESTEN CONSCIENTES DE LA IMPORTANCIA DE MANEJAR LA INFORMACIÓN FINANCIERA DE FORMA RESPONSABLE Y OBJETIVA. EN ESTE CONTEXTO RESULATA IMPRESCINDIBLE ACERCAR A LOS ESTUDIANTES A TEXTOS ACCESIBLES EN MATERIA NORMATIVA Y A LOS DOCUMENTOS EMITIDOS POR EL IMCP, QUE LES AYUDEN A FORMAR LOS CONOCIEMIENTOS DE UNA EDUCACIÓN CONTABLE RESPONSABLE. | ||
| 650 | 1 | 4 | _aCONTABILIDAD |
| 999 |
_c51644 _d51644 |
||